Nové přístupy k měření finanční výkonnosti podniku

Nová koncepcia finančného riadenia - Shareholder value. Dimenzie vnímania koncepcie Shareholder value. Vývoj ukazovateľov a vymedzenie merania finančnej výkonnosti. Účtovné ukazovatele výkonnosti. Value drivers. Charakteristika a prepočet vybraných variant ukazovateľa EVA. Vývoj ukazovateľa EVA v p...

Description complète

Enregistré dans:
Détails bibliographiques
Auteur principal: Dluhošová, Dana
Format: Chapitre de livre
Langue:tchèque
Sujets:
Tags: Ajouter un tag
Pas de tags, Soyez le premier à ajouter un tag!

MARC

LEADER 00000naa$a2200000$$$4500
001 0064106
005 20231107110443.2
041 0 |a cze 
044 |a CZ 
245 1 0 |a Nové přístupy k měření finanční výkonnosti podniku  |c Dana Dluhošová 
520 |a Nová koncepcia finančného riadenia - Shareholder value. Dimenzie vnímania koncepcie Shareholder value. Vývoj ukazovateľov a vymedzenie merania finančnej výkonnosti. Účtovné ukazovatele výkonnosti. Value drivers. Charakteristika a prepočet vybraných variant ukazovateľa EVA. Vývoj ukazovateľa EVA v podmienkach ČR. Porovnanie ukazovateľov finančnej výkonnosti. 
610 2 0 |a ukazovateľ EVA 
610 2 0 |a riadenie finančné 
610 2 0 |a Česko 
610 2 0 |a výkonnosť 
610 2 0 |a konkurencieschopnosť 
610 2 0 |a hodnota podniku 
610 2 0 |a ukazovatele efektívnosti 
610 2 0 |a ukazovatele finančné 
100 1 |a Dluhošová, Dana